Una vez, un bosque / (Registro nro. 11083)
[ vista simple ]
| 000 -CABECERA | |
|---|---|
| Longitud fija campo de control | 00739nam a2200241 a 4500 |
| 003 - • IDENTIFICADOR DELl NÚMERO DE CONTROL | |
| Identificador del número de control | CO-ViMGA |
| 008 - • CÓDIGOS DE INFORMACIÓN DE LONGITUD FIJA | |
| Códigos de información de longitud fija | 141112s2004 ck r 000 u spa d |
| 020 ## - • NÚMERO INTERNACIONAL NORMALIZADO PARA LIBROS | |
| Número Internacional Normalizado para Libros (ISBN) | 9789685389532 |
| 040 ## - FUENTE DE LA CATALOGACIÓN | |
| Centro catalogador de origen | CO-ViMGA |
| Lengua de catalogación | spa |
| Centro transcriptor | CO-ViMGA |
| 100 1# - • PUNTO DE ACCESO PRINCIPAL-NOMBRE DE PERSONA | |
| Nombre de persona | Zepeda, Monique. |
| 245 10 - • TITULO PROPIAMENTE DICHO | |
| Título | Una vez, un bosque / |
| Mención de responsabilidad, etc. | Monique Zepeda ; ilustraciones Marisol Fernández. |
| 300 ## - • DESCRIPCIÓN FÍSICA | |
| Extensión | [29] p. : il. ; 20 cm. |
| 490 ## - • MENCIÓN DE SERIE | |
| Mención de serie | Colec. Asómate a |
| 500 ## - • NOTA GENERAL | |
| Nota general | Para niños lectores |
| 650 14 - • PUNTO DE ACCESO ADICIONAL DE MATERIA - TÉRMINO DE MATERIA | |
| Término de materia o nombre geográfico como elemento inicial | BOSQUES - - CUENTOS INFANTILES |
| 650 14 - • PUNTO DE ACCESO ADICIONAL DE MATERIA - TÉRMINO DE MATERIA | |
| Término de materia o nombre geográfico como elemento inicial | CUENTOS INFANTILES MEXICANOS |
| 700 1# - • PUNTO DE ACCESO ADICIONAL - NOMBRE DE PERSONA | |
| Nombre de persona | Fernández, Marisol, il. |
| 700 1# - • PUNTO DE ACCESO ADICIONAL - NOMBRE DE PERSONA | |
| Nombre de persona | Zenteno, Sonia, ed. |
| 942 ## - ENTRADA DE ELEMENTOS AGREGADOS (KOHA) | |
| Fuente de clasificaión o esquema | Dewey Decimal Classification |
| Koha [por defecto] tipo de item | LIbro |
| Perdido | Fuente de clasificación o esquema | Estado Físico | No para préstamo | Forma de adquisición | Localización permanente | Localización actual | Fecha adquisición | Serie de enumeración / cronolog&íacute;a | Préstamos totales | Signatura completa | Código de barras | Fecha última consulta | Número de copia | Fecha del precio de reemplazo | Tipo de item de Koha | Localización en estanterías |
|---|---|---|---|---|---|---|---|---|---|---|---|---|---|---|---|---|
| Dewey Decimal Classification | Sala General | Biblioteca Barrio Emporio - Villavicencio | Biblioteca Barrio Emporio - Villavicencio | 12/04/2015 | 27/ene/2015 | C ZEP1 | ICM00079 | 12/04/2015 | Ej. 1 | 12/04/2015 | LIbro | |||||
| Dewey Decimal Classification | Infantil | Biblioteca Pública Granada - Boca del Monte | Biblioteca Pública Granada - Boca del Monte | 07/30/2025 | C ZEP1 | GRDA00245 | 07/30/2025 | Ej.1 | 07/30/2025 | LIbro | Sala Infantil | |||||
| Dewey Decimal Classification | Infantil | Biblioteca Pública Guamal | Biblioteca Pública Guamal | 05/15/2024 | C ZEP1 | GUA003815 | 05/15/2024 | Ej.1 | 05/15/2024 | Libro Infantil | Sala Infantil | |||||
| Dewey Decimal Classification | Infantil | Biblioteca Pública Mesetas - Franco lodo Poloxi | Biblioteca Pública Mesetas - Franco lodo Poloxi | 07/23/2025 | C ZEP1 | ME02061 | 07/23/2025 | Ej.1 | 07/23/2025 | LIbro | Sala Infantil |